| 000 | 00000nam 2200000zi 4500 |
| 001 | 9.898435 |
| 003 | CaOODSP |
| 005 | 20240725083921 |
| 006 | m o d f |
| 007 | cr |n||||||||| |
| 008 | 210408s1972 onc o f000 0|eng d |
| 040 | |aCaOODSP|beng|erda|cCaOODSP |
| 043 | |an-cnm-- |
| 086 | 1 |aRE22-55/1972E-PDF |
| 245 | 00|aMaritime resource management services. |
| 264 | 1|a[Ottawa] : |bRegional Economic Expansion = Expansion économique régionale, |c[1972] |
| 300 | |a1 online resource ([2], 7 pages) |
| 336 | |atext|btxt|2rdacontent |
| 337 | |acomputer|bc|2rdamedia |
| 338 | |aonline resource|bcr|2rdacarrier |
| 500 | |aDigitized edition from print [produced by Innovation, Science and Economic Development Canada]. |
| 500 | |aIssued also in French under title: Services d'ameĢnagement des ressources des Maritimes. |
| 650 | 0|aNatural resources|zMaritime Provinces|xManagement. |
| 710 | 1 |aCanada. |bDepartment of Regional Economic Expansion, |eissuing body. |
| 775 | 08|tServices d'ameĢnagement des ressources des Maritimes.|w(CaOODSP)9.940581 |
| 856 | 40|qPDF|s302 KB|uhttps://publications.gc.ca/collections/collection_2024/isde-ised/re22/RE22-55-1972-eng.pdf |